000 00500nam a22001697a 4500
999 _c8954
_d8954
008 210306b ||||| |||| 00| 0 eng d
040 _aBMS College of Architecture
100 _aS, Shruthi
245 _aMaritime museum Vizag
300 _aNA
500 _a1BM08AT041
502 _8B.Arch
_NBMS College of Architecture, Visvesvaraya Technological University (VTU)
_aProject report
_d2013
650 _aMuseum
700 _aVeseem A S
_eGuide
700 _aSathish S Rao
_eGuide
942 _2ddc
_cTHE